000 02172cam a22005177i 4500
001 3361
003 FISKH
005 20240229111504.0
008 160613s2016 nyu e 000 1 eng d
010 _a 2016944538
020 _a9781481456715 (hc)
020 _a9780340956465
020 _a1481456717 (hc)
020 _z9781481456739 (eBook)
035 _a(OCoLC)ocn939707126
040 _aYDXCP
_beng
_cYDXCP
_erda
_dBTCTA
_dBDX
_dOCLCQ
_dBKL
_dOCLCO
_dOQX
_dOCLCO
_dPCX
_dOCLCO
_dJAG
_dOCLCO
_dOCL
_dOCLCO
_dDLC
042 _alccopycat
050 0 0 _aPZ7.M869647
_bBr 2014
082 0 4 _a[Fic]
_223
100 1 _aMuchamore, Robert,
_eauthor.
245 1 0 _aBrigands M.C. /
_cRobert Muchamore.
250 _aThis edition 2014
260 _aLondon :
_bHodder Children's Book,
_c2009
300 _a432 pages :
_c20 cm
336 _atext
_btxt
_2rdacontent
337 _aunmediated
_bn
_2rdamedia
338 _avolume
_bnc
_2rdacarrier
490 0 _aThe CHERUB series ;
_vmission 11
500 _aOriginally published in 2009.
520 _aEvery CHERUB agent comes from somewhere. Dante Scott still has nightmares about the death of his family, brutally murdered by a biker gang. Dante is given the chance to become a member of CHERUB, a trained professional with one essential advantage: adults never suspect that children are spying on them. But when Dante joins James and Lauren Adams on a mission to infiltrate Brigands Motorcycle Club, he's ready to use everything he's learned to get revenge on the people who killed his family!
650 0 _aMurder victims' families
_vFiction.
650 0 _aMotorcycle clubs
_vFiction.
650 0 _aMurder victims' families
_vJuvenile fiction.
650 0 _aMotorcycle clubs
_vJuvenile fiction.
650 0 _aYoung adult fiction.
650 1 _aRevenge
_vFiction.
650 1 _aGangs
_vFiction.
650 1 _aSpies
_vFiction.
650 1 _aAdventure and adventurers
_vFiction.
655 7 _aSuspense fiction.
_2gsafd
655 7 _aThrillers (Fiction)
_2lcgft
800 1 _aMuchamore, Robert.
_tCHERUB ;
_vmission 11.
906 _a7
_bcbc
_ccopycat
_d2
_eepcn
_f20
_gy-gencatlg
942 _2ddc
_cBK
_n0
999 _c3361
_d3361